000 00299nam a22001337a 4500
008 171031b xxu||||| |||| 00| 0 eng d
020 _a9780070965287
041 _aeng
080 _26 DEE
_a33
100 _a59
101 _aBUS
245 _aBUSINESS MATHEMATICS
_cJEROME.F.E
942 _2udc
_cBK
999 _c36830
_d36830